| 000 | 00514nam a2200181Ia 4500 | ||
|---|---|---|---|
| 001 | 3218 | ||
| 005 | 20260306144904.0 | ||
| 008 | 260306t2002||||xx |||||||||||||| ||spa|| | ||
| 041 | _aESP | ||
| 082 |
_a262.5 _bP51 T. 1 |
||
| 100 |
_aPhilips, Gérard _eAUT |
||
| 245 | 0 |
_aLa iglesia y su misterio en el Concilio Vaticano II: _bhistoria, texto y comentario de la Constitución "Lumen gentium" |
|
| 260 | _c2002 | ||
| 300 |
_a525 páginas : _c20 cm. |
||
| 650 | _aGEN | ||
| 654 | _aCHU | ||
| 942 |
_cLIB _dJUS _fJUS _2ddc _n |
||
| 999 |
_c3218 _d3218 |
||